Imperialismo y clases sociales en el Caribe /
Guardat en:
| Autor principal: | |
|---|---|
| Altres autors: | |
| Format: | Text |
| Publicat: |
Buenos Aires:
Cuenca Ediciones
|
| Etiquetes: |
Afegir etiqueta
Sense etiquetes, Sigues el primer a etiquetar aquest registre!
|
MARC
| LEADER | 00000 a a2200000 04500 | ||
|---|---|---|---|
| 001 | 25025 | ||
| 003 | |||
| 040 | |||
| 090 | |a 178100 | ||
| 100 | |a Vilas, Carlos | ||
| 245 | |a Imperialismo y clases sociales en el Caribe / |c Carlos Vilas | ||
| 260 | |a Buenos Aires: |b Cuenca Ediciones | ||
| 300 | |a 234 p. |b **no definido** | ||
| 700 | |a Corten, André |a Acosta, Mercedes |a Duarte, Isis | ||
| 999 | |c 2396 |d 2396 | ||
